Alle amerikanischen Spieler in der Buli seit 2008 - Statistiken

Allgemein
  • Dieses Quiz wurde 66 mal gespielt
  • Das Durchschnittsergebnis liegt bei 10 aus 42
Antwortstatistiken
Debüt Vereine Spielername % Korrekt
2016 Dortmund Pulisic
76%
2013 Hertha, Wolfsburg, Hoffenheim Brooks
56%
2014 Bayern, Fürth, Stuttgart Green
56%
2020 Dortmund Reyna
56%
2022 Hoffenheim Che
49%
2017 Schalke McKennie
49%
2023 Frankfurt Aaronson
46%
2023 Union Aaronson
46%
2009 Wolfsburg, Hoffenheim, Gladbach Johnson
46%
2021 Gladbach Scally
44%
2018 Werder Sargent
42%
2011 Frankfurt, Nürnberg Chandler
41%
2020 Schalke Hoppe
41%
2020 Bayern, Hoffenheim Richards
41%
2016 Union, HSV Wood
41%
2019 Leipzig Adams
36%
2019 Bayern, Fürth Tillmann
36%
2022 Augsburg Pepi
31%
2022 Wolfsburg Paredes
27%
2023 Köln Downs
22%
2008 Gladbach Bradley
20%
2022 Union, Gladbach Jordan Siebatcheu
19%
2017 Leipzig, Darmstadt Boyd
14%
2011 Hertha, Ingolstadt, Düsseldorf Morales
14%
2019 Düsseldorf Steffen
14%
2010 Hoffenheim, Freiburg Williams
14%
2022 Bielefeld Bello
10%
2018 Schalke Wright
10%
2010 Frankfurt Clark
5%
2016 Leverkusen Yelldell
5%
2008 Hertha Arguez
3%
2014 Hoffenheim, Dortmund Gyau
3%
2013 Augsburg Parkhurst
3%
2010 Hannover Beasley
2%
2016 Hoffenheim Canouse
2%
2024 Werder Imasuen
2%
2015 Stuttgart Kiesewetter
2%
2019 Paderborn Shelton
2%
2019 Hannover Soto
2%
2017 Freiburg Stanko
2%
2012 Lautern Wooten
2%
2008 Hannover Zizzo
2%
Keine übereinstimmenden Quizze gefunden
Verteilung der Resultate
Anzahl Personen mit jedem Resultat
Perzentil nach korrekt beantworteten Fragen
Ihre Resultats-Entwicklung
Sie haben dieses Quiz noch nicht gespielt